Statistics for Animal names in German

Click here to take the quiz!

General Stats

  • This quiz has been taken 18 times
  • The average score is 9 of 15

Answer Stats

English German % Correct
dogHund
100%
fishFisch
89%
catKatze
83%
birdVogel
78%
horsePferd
72%
lionLöwe
61%
spiderSpinne
56%
donkeyEsel
56%
snakeSchlange
56%
goatZiege
50%
beeBiene
50%
antAmeise
39%
lobsterHummer
39%
cheetahGepard
33%
capricornSteinbock
11%

Score Distribution

Percentile by Number Answered

Percent of People with Each Score

Your Score History

You have not taken this quiz